Urban management (Record no. 78569)

MARC details
000 -LEADER
fixed length control field 00721nam a2200169 a 4500
008 - FIXED-LENGTH DATA ELEMENTS--GENERAL INFORMATION
fixed length control field 120416s1996 ||||||||||||||||| || u
050 ## - LIBRARY OF CONGRESS CALL NUMBER
Classification number JS 145 Urb
100 ## - MAIN ENTRY--PERSONAL NAME
Personal name Davey, Kenneth
245 10 - TITLE STATEMENT
Title Urban management
246 ## -
-- the challenge of growth
260 ## - PUBLICATION, DISTRIBUTION, ETC.
Place of publication, distribution, etc. Aldershot
Name of publisher, distributor, etc. Avebury
Date of publication, distribution, etc. 1996
350 ## -
-- 0.00
650 ## - SUBJECT ADDED ENTRY--TOPICAL TERM
Topical term or geographic name entry element URBAN GROWTH--MANAGEMENT
650 ## - SUBJECT ADDED ENTRY--TOPICAL TERM
Topical term or geographic name entry element URBANIZATION--ASIA, WESTERN
995 ## -
-- ANNEX COLLECTION (Main Library)
-- 0.00
-- 731167
-- CBU-MAIN LIBRARY (Kitwe)
-- 1
-- 7.00
-- JS 145 Urb
-- 1
-- AVAILABLE
-- May 24, 2006
-- 028370
-- Annex Low-Usage Collection
995 ## -
-- MAIN LIBRARY OPEN ACCESS
-- 0.00
-- 731168
-- CBU-MAIN LIBRARY (Kitwe)
-- 2
-- 7.00
-- JS 145 Urb
-- 2
-- AVAILABLE
-- 028371
-- Main Library Open Access Collection
999 ## -
-- 78569
-- 78569
Holdings
Withdrawn status Lost status Source of classification or shelving scheme Damaged status Not for loan Permanent Location Current Location Shelving location Date acquired Total Checkouts Full call number Barcode Date last seen Copy number Price effective from Koha item type
          CBU-MAIN LIBRARY, KITWE. CBU-MAIN LIBRARY, KITWE.   05/17/2023   JS 145 Urb 028370 05/17/2023 1 05/17/2023 MONOGRAPH
          CBU-MAIN LIBRARY, KITWE. CBU-MAIN LIBRARY, KITWE.   05/17/2023   JS 145 Urb 028371 05/17/2023 2 05/17/2023 MONOGRAPH